000 00666nam a2200241 a 4500
008
020 _a0273039148 (pbk. )
049 _aMAIN
090 0 _aHF5635WOO
100 1 _aWood, Frank.
245 1 0 _aFrank Wood's business accounting 2 /
_cFrank Wood and Alan Sangster.
250 _a6th ed.
260 _aLondon :
_bPitman publishing,
_cc1993.
300 _aviii ,608 p.
_bill. ;
_c25 cm.
500 _aIncludes index.
650 0 _aAccounting.
700 1 _aSangster, Alan.
907 _a.b10148334
_b16-01-07
_c25-01-05
003
005 20230123134149.0
040 _cNUST
942 _cBOOKS
_kHF5635WOO
999 _c161144
_d161144